Loading...
| Science - Physics | 0 | 3 | 1 | 2 | 25 | 106 | 113.67 | 1 | 3 | 1.99 | 12.50 |
| Science - Other | 1 | 1 | 1 | 0 | 20 | 61 | 72.00 | 2 | 2 | 8.40 | 20.00 |
| Science - Chemistry | 0 | 3 | 2 | 2 | 20 | 114 | 123.33 | 0 | 2 | 0.33 | 7.50 |
| Literature - British | 0 | 1 | 0 | 0 | 10 | 98 | 98.00 | 0 | 1 | 2.58 | 5.00 |
| Mythology | 0 | 1 | 0 | 0 | 10 | 109 | 109.00 | 0 | 1 | 1.65 | 5.56 |
| Social Science | 0 | 1 | 0 | 0 | 10 | 131 | 131.00 | 0 | 0 | 0.33 | 2.78 |
| Fine Arts - Visual | 0 | 1 | 0 | 0 | 10 | 119 | 119.00 | 0 | 1 | 1.44 | 5.00 |
| Geography | 1 | 0 | 1 | 0 | 10 | 48 | 48.00 | 0 | 1 | 20.83 | 25.00 |
| History - Other | 0 | 1 | 0 | 0 | 10 | 103 | 103.00 | 0 | 1 | 3.11 | 8.33 |
| History - American | 0 | 1 | 1 | 0 | 5 | 101 | 101.00 | 0 | 1 | 2.11 | 7.50 |
| Fine Arts - Auditory | 0 | 0 | 0 | 0 | 0 | 0.00 | 0 | 0 | 0.00 | 0.00 | |
| Fine Arts - Other | 0 | 0 | 0 | 0 | 0 | 0.00 | 0 | 0 | 0.00 | 0.00 | |
| Science - Biology | 0 | 0 | 0 | 0 | 0 | 0.00 | 0 | 0 | 0.00 | 0.00 | |
| Philosophy | 0 | 0 | 1 | 0 | -5 | 0.00 | 0 | 0 | 0.00 | 0.00 | |
| Social Science- Edited | 0 | 0 | 1 | 0 | -5 | 0.00 | 0 | 0 | 0.00 | 0.00 |